| 000 | 01893cam a22002054a 4500 | ||
|---|---|---|---|
| 005 | 20250605164124.0 | ||
| 008 | 250528s ||||||||||||||||||||||||d | ||
| 035 | _a18403 | ||
| 020 | _a9608673453 | ||
| 040 |
_aGR-AtMCL _bgre _dGR-AtMCL _eAACR2 |
||
| 245 | 1 |
_aΔιοίκηση Υπηρεσιών Υγείας / Το Νοσοκομείο στα Πλαίσια Ενός Συστήματος Οργανωμένης Παροχής Φροντίδας. _nΤόμος B' |
|
| 260 | _c2001 | ||
| 300 | _a428 | ||
| 520 | _aΈνα από τα κορυφαία κείμενα των Υγειονομικών Επιστημών στις ΗΠΑ - Διδακτικό εγχειρίδιο σε πλείστα πανεπιστημιακά προγράμματα Διοίκησης Υπηρεσιών Υγείας. Ιστορία των Νοσοκομείων, Οργάνωση και Διοίκηση Νοσοκομείων, Υπηρεσίες Διακίνησης του Ασθενούς: Διαδικασία Εισαγωγής και Παραμονής και Εξόδου από το Νοσοκομείο, Περιπατητική Περίθαλψη, Οργάνωση και Άσκηση της Ιατρικής Πρακτικής στα Πλαίσια των Ιατρείων, Αποζημίωση Νοσοκομειακής Νοσηλείας, Αποζημίωση Εξωνοσοκομειακής Φροντίδας σε Νοσοκομειακό Περιβάλλον, Κατευθυνόμενη Φροντίδα, Διασφάλιση και Βελτίωση της Ποιότητας, Διοίκηση Νοσηλευτικών Υπηρεσιών, Τα Εργαστήρια, Διοίκηση Αποθεμάτων, Διαχείριση των Φαρμάκων. | ||
| 700 | 1 |
_aMediforce Services _94674 |
|
| 700 | 1 |
_aWolper Lawrence F _94675 |
|
| 942 | _cBK | ||
| 999 |
_c3764 _d3764 |
||